000 00248 a2200085 4500
020 _a9789400753433
100 _aS.T.A. PICKETT
245 _aRESILIENCE IN ECOLOGY AND URBAN DESIGN: LINKING THEORY AND PRACTICE FOR SUSTAINABLE CITIES
260 _bSPRINGER
999 _c13035
_d13035